Normal view
MARC view
- Acheson, David,
Entry Personal Name
001 - CONTROL NUMBER
- control field: 783
003 - CONTROL NUMBER IDENTIFIER
- control field: DLC
005 - DATE AND TIME OF LATEST TRANSACTION
- control field: 20230920063551.0
008 - FIXED-LENGTH DATA ELEMENTS
- fixed length control field: 890816n| azannaabn |a aaa
010 ## - LIBRARY OF CONGRESS CONTROL NUMBER
- LC control number: n 88134450
035 ## - SYSTEM CONTROL NUMBER
- System control number: (OCoLC)oca02581600
040 ## - CATALOGING SOURCE
- Original cataloging agency: DLC
- Language of cataloging: eng
- Transcribing agency: DLC
- Modifying agency: CoU
- Description conventions: rda
- Modifying agency: IAhCCS
046 ## - SPECIAL CODED DATES
- Birth date: 1946
- Source of date scheme: edtf
100 1# - HEADING--PERSONAL NAME
- Personal name: Acheson, David,
- Dates associated with a name: 1946-
400 1# - SEE FROM TRACING--PERSONAL NAME
- Control subfield: nne
- Personal name: Acheson, D. J.
670 ## - SOURCE DATA FOUND
- Source citation: Author's Elementary fluid dynamics, 1990:
- Information found: CIP t.p. (D. J. Acheson)
670 ## - SOURCE DATA FOUND
- Source citation: From calculus to chaos, 1997:
- Information found: t.p. (David Acheson; Jesus College, Oxford)
670 ## - SOURCE DATA FOUND
- Source citation: Jesus College web page, Jan. 9, 2003
- Information found: (David John Acheson, tutor in mathematics; author of Elementary fluid dynamics and From calculus to chaos)
670 ## - SOURCE DATA FOUND
- Source citation: Wikipedia, viewed Mar. 7, 2023
- Information found: (David John Acheson (born 1946) is a British applied mathematician at Jesus College, Oxford)
- Uniform Resource Identifier: https://en.wikipedia.org/wiki/David_Acheson_%28mathematician%29